Catálogo

Vista normal Vista MARC

Entrada Personal Name

Número de registros utilizados en: 1

001 - CONTROL NUMBER

  • control field: 17542

003 - CONTROL NUMBER IDENTIFIER

  • control field: DLC

005 - DATE AND TIME OF LATEST TRANSACTION

  • control field: 20251002112022.0

008 - FIXED-LENGTH DATA ELEMENTS

  • fixed length control field: 821204n| azannaabn |n aaa

010 ## - LIBRARY OF CONGRESS CONTROL NUMBER

  • LC control number: n 82130566

035 ## - SYSTEM CONTROL NUMBER

  • System control number: (OCoLC)oca00826834

040 ## - CATALOGING SOURCE

  • Original cataloging agency: DLC
  • Language of cataloging: spa
  • Description conventions: rda
  • Transcribing agency: Mx-PuUPA
  • Modifying agency: ICrlF
  • Modifying agency: Mx-PuUPA

046 ## - SPECIAL CODED DATES

  • Birth date: 19440214
  • Source of date scheme: edtf

100 1# - HEADING--PERSONAL NAME

  • Personal name: Bernstein, Carl,
  • Dates associated with a name: 1944-

372 ## - FIELD OF ACTIVITY

  • Field of activity: Periodismo
  • Source of term: lcsh

374 ## - OCCUPATION

  • Occupation: Periodista
  • Occupation: Autor
  • Source of term: lcsh

375 ## - GENDER

  • Gender: hombre
  • Source of term: lcdgt

377 ## - ASSOCIATED LANGUAGE

  • Language code: eng

670 ## - SOURCE DATA FOUND

  • Source citation: His All the President's men, 1974.

670 ## - SOURCE DATA FOUND

  • Source citation: Wikipedia, Dec. 21, 2018
  • Information found: (Carl Bernstein born February 14, 1944) is an American investigative journalist and author.)